Obst erkennen - Nahaufnahme - Statistiken

Allgemein
  • Dieses Quiz wurde 3.175 mal gespielt
  • Das Durchschnittsergebnis liegt bei 11 aus 12
Antwortstatistiken
Bildquiz Antwort % Korrekt
Erdbeere
100%
Kiwi
100%
Orange
100%
Apfel
99%
Birne
96%
Zitrone
96%
Mango
94%
Melone
92%
Banane
87%
Ananas
83%
Feige
74%
Traube
70%
Keine übereinstimmenden Quizze gefunden
Verteilung der Resultate
Anzahl Personen mit jedem Resultat
Perzentil nach korrekt beantworteten Fragen
Ihre Resultats-Entwicklung
Sie haben dieses Quiz noch nicht gespielt